Southville International School and Colleges
Your cart is empty.
  • Cart
  • Lists
    Public lists Eva Luna New books Lux_list list_1
    Your lists Log in to create your own lists
  • Log in to your account
  • Your cookies
  • Search history
Southville International School and Colleges
  • Advanced search
  • Recent comments
  • Most popular
  • Libraries

Log in to your account

Log in with GOOGLE


If you do not have an external account, but do have a local account, you can still log in:

  1. Home
  2. MARC view: Entrepreneurship /
Normal view MARC view ISBD view

Entrepreneurship / (Record no. 356783)

[ view plain ]
MARC details
000 -LEADER
fixed length control field 00903nam a2200289Ia 4500
008 - FIXED-LENGTH DATA ELEMENTS--GENERAL INFORMATION
fixed length control field 180523s9999 xx 000 0 und d
020 ## - INTERNATIONAL STANDARD BOOK NUMBER
International Standard Book Number 0-470-82138-8
050 ## - LIBRARY OF CONGRESS CALL NUMBER
Classification number MAIN HB 615
050 ## - LIBRARY OF CONGRESS CALL NUMBER
Item number .B68 2005
100 ## - MAIN ENTRY--PERSONAL NAME
Personal name Boulton, Chris.
245 #0 - TITLE STATEMENT
Title Entrepreneurship /
245 #0 - TITLE STATEMENT
Statement of responsibility, etc Chrsi Boulton, Patrick Turner.
260 ## - PUBLICATION, DISTRIBUTION, ETC. (IMPRINT)
Place of publication, distribution, etc Singapore :
260 ## - PUBLICATION, DISTRIBUTION, ETC. (IMPRINT)
Name of publisher, distributor, etc John Wiley & Sons,
260 ## - PUBLICATION, DISTRIBUTION, ETC. (IMPRINT)
Date of publication, distribution, etc 2005
300 ## - PHYSICAL DESCRIPTION
Extent 354 pages :
300 ## - PHYSICAL DESCRIPTION
Other physical details illustrations ;
300 ## - PHYSICAL DESCRIPTION
Dimensions 23 cm.
440 ## - SERIES STATEMENT/ADDED ENTRY--TITLE
Title Mastering business in Asia
500 ## - GENERAL NOTE
General note Includes bibliographical references and index.
650 ## - SUBJECT ADDED ENTRY--TOPICAL TERM
Topical term or geographic name as entry element Entrepreneurship -- Asia.
650 ## - SUBJECT ADDED ENTRY--TOPICAL TERM
Topical term or geographic name as entry element New business enterprises -- Asia -- Finance.
650 ## - SUBJECT ADDED ENTRY--TOPICAL TERM
Topical term or geographic name as entry element Small business -- Asia -- Finance.
650 ## - SUBJECT ADDED ENTRY--TOPICAL TERM
General subdivision New business enterprises -- Asia -- Management.
650 ## - SUBJECT ADDED ENTRY--TOPICAL TERM
General subdivision New business enterprises -- Asia.
650 ## - SUBJECT ADDED ENTRY--TOPICAL TERM
General subdivision Small business -- Asia -- Management.
Holdings
Withdrawn status Lost status Damaged status Home library Current library Shelving location Date acquired Cost, normal purchase price Total Checkouts Full call number Barcode Date last seen Price effective from Koha item type
      South Mansfield College South Mansfield College   02/08/2006 1.00   MAIN HB 615 .B68 2005 SMC03045 05/23/2018 05/23/2018  

Entrepreneurship /

APA

Boulton C., .Entrepreneurship. Singapore: .

Chicago

Boulton Chris, .Entrepreneurship. Singapore: .

Harvard

Boulton C., .Entrepreneurship. Singapore: .

MLA

Boulton Chris, .Singapore: . .

  • Place hold
  • Print
  • Cite
  • Add to your cart (remove)
  • Save record
    BIBTEX Dublin Core MARCXML MARC (non-Unicode/MARC-8) MARC (Unicode/UTF-8) MARC (Unicode/UTF-8, Standard) MODS (XML) RIS
  • More searches
    Search for this title in:
    Other Libraries (WorldCat) Other Databases (Google Scholar) Online Stores (Bookfinder.com) Open Library (openlibrary.org)

Exporting to Dublin Core...

SOUTHVILLE LIBRARY

Southville International School and Colleges Library

1281 Tropical Ave. Cor. Luxembourg St., BF Homes International, Las Pinas City

Tel. No. 8256374 / 252358 Loc. 117/146

Powered by Koha